[Event "POL-chT"]
[Site "Mikolajki"]
[Date "1991.??.??"]
[Round "6"]
[White "Wiech, Grzegorz"]
[Black "Dabek, Roman"]
[Result "1/2-1/2"]
[WhiteElo "2275"]
[BlackElo "2375"]

1.e4 c5 2.Nf3 e6 3.d4 cxd4 4.Nxd4 a6 5.Bd3 Nf6 6.O-O Qc7 7.c4 Bc5 8.Nb3 Ba7
9.Nc3 d6 10.Qe2 Nbd7 11.Be3 Bxe3 12.Qxe3 Ne5 13.Rac1 Nfg4 14.Qg3 Nxd3 15.Qxd3 Ne5
16.Qd4 O-O 17.Na4 Bd7 18.c5 dxc5 19.Naxc5 Bc6 20.Nxb7 Qxb7 21.Qxe5 Bb5 22.Rc7 Qb6
23.Rfc1 Rad8 24.h3 h6 25.R7c3 Rd6 26.Rg3 f6 27.Qf4 g5 28.h4 Be8 29.Qf3 e5
30.Qf5 Kg7 31.hxg5 hxg5 32.Rh3 Bg6 33.Qg4 a5 34.Rhc3 Bf7 35.Qe2 Rfd8 36.Rc7 Kg6
37.Qf3 Be6 38.Re7 Rd3 39.Qe2 Qd6 40.Rxe6 Qxe6 41.Nc5 Qd6 42.Nxd3 Qxd3 43.Qg4 Qd7
44.Qxd7 Rxd7 45.Rc2 Rd1+ 46.Kh2 Re1 47.f3 g4 48.Kg3 gxf3 49.gxf3 a4 50.Kf2 Rh1
51.Ke3 Re1+ 52.Re2 Rf1 53.Rf2 Rd1 54.a3 f5 55.Rg2+ Kf6 56.exf5 Re1+ 57.Kd2 Rf1
58.Ke2 Rc1 59.Kd3 Rf1 60.Ke4 Re1+ 61.Kd5 Kxf5 62.Kc5 Kf4 63.Rg4+ Kxf3 64.Rxa4  1/2-1/2

[Event "POL-chT"]
[Site "Mikolajki"]
[Date "1991.??.??"]
[Round "7"]
[White "Filipowicz, Andrzej"]
[Black "Adamski, Jan"]
[Result "1/2-1/2"]
[WhiteElo "2375"]
[BlackElo "2365"]

1.e4 c5 2.Nf3 e6 3.d4 cxd4 4.Nxd4 a6 5.Bd3 Nf6 6.O-O d6 7.c4 Bd7 8.Nc3 Nc6
9.Nc2 Be7 10.b3 O-O 11.Bb2 Rb8 12.Qe2 Ne5 13.Rfd1 Qa5 14.Ne3 b5 15.f4 Nxd3
16.Qxd3 Bc6 17.Ncd5 exd5 18.Nf5 Qd8 19.Qg3 Nh5 20.Qg4 Bd7 21.Nh6+ Kh8 22.Qxh5 Bf6
23.e5 g6 24.Qe2 Bg7 25.Ng4 Bxg4 26.Qxg4 bxc4 27.Rxd5 cxb3 28.axb3 Rxb3 29.Rxd6 Qb8  1/2-1/2

[Event "FRA-ch Acc"]
[Site "Montpellier"]
[Date "1991.??.??"]
[Round "1"]
[White "Desbones, Samy"]
[Black "Chomet, Pascal"]
[Result "0-1"]
[WhiteElo "2100"]
[BlackElo "2260"]

1.e4 c5 2.Nf3 e6 3.d4 cxd4 4.Nxd4 a6 5.Bd3 Nf6 6.O-O d6 7.c4 Be7 8.Nc3 O-O
9.Be3 b6 10.f4 Bb7 11.e5 dxe5 12.fxe5 Nfd7 13.Nxe6 fxe6 14.Qh5 Rf5 15.Bxf5 exf5
16.Qxf5 Nc6 17.Rad1 Ncxe5 18.Qe6+ Kh8 19.Rf5 Bf6 20.Rxe5 Bxe5 21.Rxd7 Qh4
22.Kf1 Rf8+ 23.Rf7 Rxf7+ 24.Qxf7 Qf6+ 25.Qxf6 gxf6 26.Bxb6 Bxc3 27.bxc3 Kg7
28.g3 Kf7 29.Ke2 Ke6 30.Ke3 Kd6 31.Kd4 Bf3 32.Bc5+ Kc6 33.Be7 f5 34.Ke5 Bg4  0-1

[Event "Russian Winter op"]
[Site "Moscow"]
[Date "1991.??.??"]
[Round "?"]
[White "Guseinov, Aidyn"]
[Black "Konstantinov, Sergey"]
[Result "0-1"]
[WhiteElo "2375"]
[BlackElo "2345"]

1.e4 c5 2.Nf3 e6 3.d4 cxd4 4.Nxd4 a6 5.Bd3 Nc6 6.Nxc6 dxc6 7.O-O e5 8.Nd2 Qc7
9.a4 Nf6 10.Nc4 Be6 11.Qe2 Bc5 12.Be3 Bxe3 13.Qxe3 O-O 14.a5 Rad8 15.b3 Bxc4
16.Bxc4 Rd4 17.f3 Rfd8 18.Be2 Ne8 19.g3 Qe7 20.Kf2 Nc7 21.Rfd1 Ne6 22.c3 Rxd1
23.Bxd1 h5 24.Be2 g6 25.b4 Kg7 26.Rb1 h4 27.Rg1 hxg3+ 28.hxg3 Rh8 29.Kg2 c5
30.b5 axb5 31.Bxb5 Qd8 32.Ra1 Rh5 33.Bf1 Qh8 34.Kf2 Rh1 35.Re1 Qh2+ 36.Bg2 Nf4
37.Qxf4 exf4 38.Rxh1 Qxg3+ 39.Kf1 Qg5  0-1

[Event "Moscow Veterans"]
[Site "Moscow"]
[Date "1991.??.??"]
[Round "?"]
[White "Geller, Efim P"]
[Black "Gipslis, Aivars"]
[Result "1/2-1/2"]
[WhiteElo "2525"]
[BlackElo "2465"]

1.e4 c5 2.Nf3 e6 3.d4 cxd4 4.Nxd4 a6 5.Bd3 g6 6.O-O Bg7 7.c3 Nf6 8.Nd2 O-O
9.Re1 d6 10.a4 e5 11.Nc2 Nc6 12.Nc4 d5 13.exd5 Nxd5 14.N2e3 Nde7 15.a5 Rb8
16.Bf1 Be6 17.Qa4 Qc7 18.Nb6 Rbd8 19.Bc4 Bxc4 20.Qxc4 Nc8 21.Ned5 Nxb6 22.Nxb6 Rd6
23.Be3 Rfd8 24.Qa4 Rd3 25.Nc4 Qe7 26.Bb6 R8d7 27.Rad1  1/2-1/2

[Event "Napoli"]
[Site "Napoli"]
[Date "1991.??.??"]
[Round "?"]
[White "Nicevski, Risto"]
[Black "Martorelli, Antonio"]
[Result "0-1"]
[WhiteElo "2345"]
[BlackElo "2215"]

1.e4 c5 2.Nf3 e6 3.d4 cxd4 4.Nxd4 a6 5.Bd3 Qc7 6.O-O Nf6 7.Kh1 Nc6 8.Nxc6 dxc6
9.f4 e5 10.fxe5 Qxe5 11.Bf4 Qd4 12.Nd2 Be7 13.Nc4 Ng4 14.Qf3 Be6 15.b3 g5
16.Bc7 Bc5 17.h3 h5 18.Bg3 h4 19.c3 Qxc3 20.Rac1 Qd4 21.Be1 O-O-O 22.Be2 Ne5
23.Nxe5 Qxe5 24.Rxc5 Qxc5 25.Bf2 Qc2 26.Be3 Rhg8 27.Rc1 Qxa2 28.Bc4 Bxc4
29.bxc4 Qa3 30.Qf5+ Kb8 31.Bxg5 Ka8 32.Rg1 Rd3 33.Bxh4 Rh8 34.Bf2 Qc3 35.c5 f6
36.h4 a5 37.Re1 a4 38.e5 fxe5 39.Re4 Qc2 40.Qxe5 Rf8 41.Re2 Rd2 42.Rxd2 Qxd2
43.Bg3 a3 44.Qg7 Rd8 45.Kh2 a2 46.Be5 Qf2 47.Qf6 Qxf6 48.Bxf6 Rf8 49.Bg7 Rf7
50.Bb2 Kb8 51.Be5+ Kc8 52.g4 Kd7 53.h5 Ke6 54.Bc3 Rf3 55.Bg7 Rf6 56.g5 Rf5  0-1

[Event "Niksic"]
[Site "Niksic"]
[Date "1991.??.??"]
[Round "9"]
[White "Spasov, Vasil"]
[Black "Strikovic, Aleksa"]
[Result "1-0"]
[WhiteElo "2550"]
[BlackElo "2495"]

1.e4 c5 2.Nf3 e6 3.d4 cxd4 4.Nxd4 a6 5.Bd3 Nf6 6.O-O d6 7.f4 g6 8.Kh1 Bg7
9.Nf3 Qc7 10.Nc3 Nc6 11.Qe1 O-O 12.a4 Nb4 13.Qh4 b6 14.f5 e5 15.Bg5 Qe7 16.Rae1 Ra7
17.Bc4 Kh8 18.g4 gxf5 19.gxf5 Rc7 20.Nd5 Nbxd5 21.Bxd5 Rxc2 22.Rg1 Rc5 23.Rg3 Rd8
24.Reg1 Rxd5 25.Bh6  1-0

[Event "NLD-ch"]
[Site "NLD"]
[Date "1991.??.??"]
[Round "8"]
[White "Van der Wiel, John TH"]
[Black "Bosboom, Manuel"]
[Result "1/2-1/2"]
[WhiteElo "2530"]
[BlackElo "2460"]

1.e4 c5 2.Nf3 e6 3.d4 cxd4 4.Nxd4 a6 5.Bd3 g6 6.Nc3 Bg7 7.Be3 Nc6 8.Nxc6 bxc6
9.O-O Nf6 10.Na4 d6 11.Qe2 Nd7 12.Rad1 O-O 13.c4 Qc7 14.Qd2 Bb7 15.f4 Rad8
16.Bc2 d5 17.Qf2 Rfe8 18.Rfe1 Bf8 19.h3 Qa5 20.a3 dxe4 21.b4 Qc7 22.Bxe4 a5
23.c5 axb4 24.axb4 Nf6 25.Bf3 Bg7 26.Nb6 Ba6 27.Bd4 Nd5 28.Bxg7 Kxg7 29.Bxd5 exd5
30.Qd4+ f6 31.Re3 Rxe3 32.Qxe3 Qf7 33.Qf2 Re8 34.Re1 Bb5 35.Kh2 Rxe1 36.Qxe1 d4
37.Nc8 d3 38.Nd6 Qd7 39.Qe3 Kf8 40.Kg3 Ba6 41.Kf2 Qe7 42.g4 g5 43.f5 h6 44.Qxe7+ Kxe7
45.Ne4 Bc4 46.Ke3 Bb5 47.Nd2 Kd7 48.Nf3 Kc7 49.h4 Kd7 50.h5 Ba4 51.Kxd3 Bd1
52.Nh2 Ke7 53.Kd2 Bb3 54.Nf3 Kd7 55.Nd4 Bc4 56.Ke3 Bf1 57.Ne2 Bg2 58.Nc3 Bf1
59.Kd4 Bh3 60.Ne4 Ke7 61.Nf2 Bf1 62.Kc3 Be2 63.Kb3 Bb5 64.Ka3 Be2 65.Ka4 Kd8
66.Kb3 Ke7 67.Kc3 Bf1 68.Kd2 Ba6 69.Ne4 Bf1 70.Ke3 Ba6 71.Nc3 Bf1 72.Ne2 Kd7
73.Kf3 Ke7 74.Kf2 Bh3 75.Kg3 Bf1 76.Kf3 Kd7 77.Ng3 Ba6 78.Ke3 Ke7 79.Kd2 Bc4
80.Ne2 Kd7 81.Nc3 Bf1 82.Ke1 Ba6 83.Kf2 Ke7 84.Ne2 Kd7 85.Ke3 Ke7 86.Kd2 Kd7
87.Nd4 Bf1 88.Nc2 Ke7 89.Kc3 Kd7 90.Ne3 Be2 91.Kd2 Ba6 92.Nd1 Bf1 93.Ke3  1/2-1/2

[Event "Oostende op"]
[Site "Oostende"]
[Date "1991.??.??"]
[Round "1"]
[White "Wostin, Rik Hendrik"]
[Black "Vyzmanavin, Alexey"]
[Result "0-1"]
[WhiteElo "2250"]
[BlackElo "2590"]

1.e4 c5 2.Nf3 e6 3.d4 cxd4 4.Nxd4 a6 5.Bd3 Nf6 6.O-O Qc7 7.Kh1 Nc6 8.Nxc6 bxc6
9.f4 d5 10.Nd2 Be7 11.c4 Bb7 12.e5 Nd7 13.cxd5 cxd5 14.Nb3 Nc5 15.Nxc5 Qxc5
16.b4 Qb6 17.Bd2 O-O 18.a3 f5 19.Rc1 Rfc8 20.Qe2 Bc6 21.Be3 d4 22.Bg1 Rd8
23.Bc4 Bb5 24.Rfd1 Rd5 25.Qb2 Bxc4 26.Rxc4 a5 27.Rcxd4 Rxd4 28.Rxd4 Qb5 29.h3 Kf7
30.Kh2 axb4 31.axb4 g5 32.Be3 Bc5 33.fxg5 Bxd4 34.Qxd4 Ra2 35.Qd6 Qb7 36.g6+ hxg6
37.Bd2 g5  0-1

[Event "NZD-ch"]
[Site "Otago"]
[Date "1991.??.??"]
[Round "3"]
[White "Love, Anthony J"]
[Black "Smith, Robert W"]
[Result "1-0"]
[WhiteElo "2205"]
[BlackElo "2240"]

1.e4 c5 2.Nf3 e6 3.d4 cxd4 4.Nxd4 a6 5.Bd3 Nf6 6.O-O Qc7 7.Qe2 d6 8.c4 Be7
9.Nc3 b6 10.Be3 Bb7 11.Rac1 Nbd7 12.Bb1 Rc8 13.b3 Qb8 14.f4 Qa8 15.Bf2 Nc5
16.Rfe1 O-O 17.Bg3 Rfd8 18.b4 Ncd7 19.a3 Nf8 20.f5 e5 21.Nf3 N8d7 22.Nd2 Rc7
23.Rc2 Rdc8 24.Rec1 Qb8 25.Bf2 Bc6 26.g4 b5 27.Ba2 bxc4 28.Bxc4 Bb5 29.Nxb5 axb5
30.Bb3 Rxc2 31.Rxc2 Rxc2 32.Bxc2 Ne8 33.Bb3 Bd8 34.g5 Nf8 35.Qd3 Qb7 36.Nf3 Bb6
37.Nh4 g6 38.Bxb6 Qxb6+ 39.Kg2 Qd8 40.Nf3 Nc7 41.h4 Qe7 42.Nh2 h5 43.Nf1 Qd7
44.Ne3 Kg7 45.Qc2 Nh7 46.a4 Nf8 47.a5 Nh7 48.Bd5 Na6 49.Qc6 Qd8 50.f6+ Nxf6
51.gxf6+ Qxf6 52.Qxa6 Qxh4 53.Qa7 Qg5+ 54.Kf3 Qf4+ 55.Ke2 Qh2+ 56.Kd3 Qb2
57.Qxf7+ Kh6 58.Qf8+ Kg5 59.Qe7+ Kh6 60.Qf8+  1-0

[Event "Oviedo rapid"]
[Site "Oviedo"]
[Date "1991.??.??"]
[Round "2"]
[White "Ruiz, J."]
[Black "Urday, Henry"]
[Result "0-1"]
[WhiteElo "2295"]
[BlackElo "2480"]

1.e4 c5 2.Nf3 e6 3.d4 cxd4 4.Nxd4 a6 5.Bd3 Nf6 6.O-O Qc7 7.Kh1 d6 8.Nc3 Be7
9.a4 b6 10.Be3 Bb7 11.f4 Nbd7 12.Qe2 O-O 13.Rae1 Nc5 14.Bc1 Nfd7 15.Nf3 Bf6
16.Be3 Bxc3 17.bxc3 Bxe4 18.Bxe4 Nxe4 19.Bxb6 Ng3+ 20.hxg3 Nxb6 21.Ng5 h6
22.Ne4 d5 23.Nf6+ gxf6 24.f5 e5 25.Qh5 Kg7 26.Qh4 Nc4 27.Rf3 Rh8 28.Rd1 Rad8
29.Kh2 h5  0-1

[Event "Palo Alto"]
[Site "Palo Alto"]
[Date "1991.??.??"]
[Round "?"]
[White "Anderson, Renard"]
[Black "Pinto, Mark"]
[Result "0-1"]
[WhiteElo "2245"]
[BlackElo "2275"]

1.e4 c5 2.Nf3 e6 3.d4 cxd4 4.Nxd4 a6 5.Bd3 Qc7 6.O-O b6 7.Kh1 Bb7 8.c4 Nf6
9.Nc3 Nc6 10.Nxc6 dxc6 11.f4 h5 12.e5 Ng4 13.Qe1 Rd8 14.Be2 Bb4 15.Qg3 Bxc3
16.Qxc3 c5 17.Qg3 g6 18.Bxg4 hxg4 19.Be3 Rh3 20.Qe1 g3 21.Bg1 Qe7 22.Rf3 Bxf3
23.gxf3 Qh4 24.Qe2 Qxf4 25.Qg2 Rh5 26.Re1 Rd2 27.Re4 Rxg2 28.Rxf4 Rxb2  0-1

[Event "Podgorica"]
[Site "Podgorica"]
[Date "1991.??.??"]
[Round "9"]
[White "Brajovic, Radovan"]
[Black "Guyot, Philippe"]
[Result "0-1"]
[WhiteElo "2285"]
[BlackElo "2295"]

1.e4 c5 2.Nf3 e6 3.d4 cxd4 4.Nxd4 a6 5.Bd3 Nf6 6.O-O d6 7.Qe2 Nbd7 8.c4 g6
9.Nc3 Bg7 10.Rd1 Qc7 11.b3 O-O 12.Bb2 b6 13.Rac1 Bb7 14.Bb1 Rad8 15.a4 Qb8
16.b4 Rfe8 17.b5 a5 18.Nc6 Bxc6 19.bxc6 Ne5 20.c7 Qxc7 21.Nb5 Qb8 22.f4 Nc6
23.Ba3 Nb4 24.Qe1 Nh5 25.g3 Bf8 26.Bxb4 axb4 27.Qxb4 e5 28.fxe5 dxe5 29.Qb3 Qc8
30.Qf3 Bh6 31.Rc3 Rxd1+ 32.Qxd1 Rd8 33.Rd3 Rxd3 34.Qxd3 Bf8 35.Bc2 Bc5+ 36.Kh1 Qh3  0-1

[Event "Porz op27"]
[Site "Porz"]
[Date "1991.??.??"]
[Round "7"]
[White "Morawietz, Dieter"]
[Black "Chuchelov, Vladimir"]
[Result "1/2-1/2"]
[WhiteElo "2300"]
[BlackElo "2420"]

1.e4 c5 2.Nf3 e6 3.d4 cxd4 4.Nxd4 a6 5.Bd3 Nf6 6.O-O Qc7 7.Qe2 d6 8.c4 g6
9.Nc3 Bg7 10.Nb3 O-O 11.Bf4 Nbd7 12.Rac1 b6 13.Rfd1 Nh5 14.Be3 Bb7 15.Qd2 Nhf6
16.Bf1 Ne8 17.f3 Rc8 18.Kh1 Ba8 19.Nd4 Ne5 20.Na4 Rb8 21.Qf2 Nf6 22.b3 Rfe8
23.Ne2 Nfd7 24.Nec3 Nc5 25.b4 Ncd7 26.Nb2 Bf8 27.a3 Be7 28.Nca4 Kh8 29.Bd4 Kg8
30.Qg3 Nc6 31.Be3 Nce5 32.c5 bxc5 33.bxc5 Nxc5 34.Nxc5 dxc5 35.Nc4 f6 36.Bf4 Rbd8
37.Nxe5 fxe5 38.Bxe5 Qc6 39.h4 Rxd1 40.Rxd1 Qa4 41.Rc1 Qxa3 42.Qf4 Bb7 43.Bc4 Bc8
44.Rc3 Qa1+ 45.Kh2 Qe1 46.h5 Qh4+ 47.Qxh4 Bxh4 48.f4 gxh5 49.Rh3 Bf2 50.Rxh5 Bd4
51.Rg5+ Kf8 52.Bd6+ Kf7 53.Bxc5 h6 54.Rh5 Kg6 55.Be2 Rd8 56.Be7 Rd7 57.Bf8 Bg7
58.f5+ exf5 59.exf5+ Kf7 60.Bxg7  1/2-1/2

[Event "Schellenberg op"]
[Site "Schellenberg"]
[Date "1991.??.??"]
[Round "2"]
[White "Markus, John Raymond"]
[Black "Gheorghiu, Florin"]
[Result "0-1"]
[WhiteElo "2230"]
[BlackElo "2495"]

1.e4 c5 2.Nf3 e6 3.d4 cxd4 4.Nxd4 a6 5.Bd3 Nf6 6.O-O Qc7 7.c4 Nc6 8.Nxc6 dxc6
9.Qe2 e5 10.h3 Nd7 11.Nd2 Nc5 12.Nf3 Be7 13.Bc2 a5 14.b3 O-O 15.Bb2 f6 16.Rad1 Ne6
17.g3 c5 18.Kh2 b6 19.Ne1 Nd4 20.Bxd4 cxd4 21.f4 a4 22.fxe5 fxe5 23.Rxf8+ Bxf8
24.Nd3 Be6 25.Nf2 axb3 26.Bxb3 Bd6 27.Qd3 Qf7 28.Kg2 Rf8 29.Rf1 h5 30.h4 Bc5
31.Kg1 Qf3 32.Qxf3 Rxf3 33.Kg2 Re3 34.Rd1 Bg4 35.Rd2 Bf3+ 36.Kh2 Bxe4 37.Nxe4 Rxe4
38.Bc2 Re3 39.Bg6 e4 40.Bxh5 d3 41.Bg6 Re2+  0-1

[Event "Schellenberg op"]
[Site "Schellenberg"]
[Date "1991.??.??"]
[Round "7"]
[White "Podlesnik, Bogdan"]
[Black "Mascarinas, Rico"]
[Result "1/2-1/2"]
[WhiteElo "2360"]
[BlackElo "2410"]

1.e4 c5 2.Nf3 e6 3.d4 cxd4 4.Nxd4 a6 5.Bd3 Qc7 6.O-O Ne7 7.Nc3 Nbc6 8.Nb3 g6
9.f4 Bg7 10.Qf3 d6 11.Be3 O-O 12.Na4 Rb8 13.Bb6 Qd7 14.Rad1 Nb4 15.Nc3 Qc6
16.Qf2 Bxc3 17.bxc3 Nxa2 18.c4 Nc3 19.Rde1 e5 20.fxe5 dxe5 21.Bc5 Qe6 22.Be3 f6
23.Bh6 Rf7 24.Qd2 Na4 25.c5 Bd7 26.Na5 Nb2 27.Be2 Bb5 28.Qb4 Na4 29.c4 Be8
30.Bd1 b6 31.Bxa4 Bxa4 32.Qxa4 bxa5 33.Rb1 Rc8 34.Rb6 Nc6 35.Rxa6 Rd7 36.Qxa5 f5
37.Qa4 f4 38.h3 g5 39.Bxg5 Rg7 40.h4 h6 41.Rd1 hxg5 42.Rd6 Qg4 43.Raxc6 Rxc6
44.Qxc6 gxh4 45.Qe8+ Kh7 46.Rd2 Rb7 47.Rd3 Rg7 48.Rd2 f3 49.Qxe5 fxg2 50.Qf5+ Qxf5
51.exf5 h3 52.Rd1  1/2-1/2

[Event "Belavenets mem op"]
[Site "Smolensk"]
[Date "1991.??.??"]
[Round "?"]
[White "Novik, Maxim"]
[Black "Shestoperov, Aleksej"]
[Result "0-1"]
[WhiteElo "2405"]
[BlackElo "2460"]

1.e4 c5 2.Nf3 e6 3.d4 cxd4 4.Nxd4 a6 5.Bd3 Nf6 6.O-O Qc7 7.Qe2 d6 8.f4 g6
9.c4 Bg7 10.Be3 O-O 11.Nc3 Nbd7 12.Rac1 b6 13.Kh1 Bb7 14.b4 Rac8 15.Nb3 Nh5
16.c5 dxc5 17.bxc5 b5 18.e5 Nxe5 19.fxe5 Bxe5 20.Bg1 Bxc3 21.Rxc3 Nf4 22.Rxf4 Qxf4
23.Rc1 Rfd8 24.Rf1 Qg5 25.Bb1 Bd5 26.Be3 Bxg2+ 27.Qxg2 Qxe3 28.Be4 Rc7 29.Qf3 Qxf3+
30.Bxf3 f5 31.Re1 Kf7 32.c6 Rd6 33.Nc5 Rcxc6 34.Bxc6 Rxc6 35.Nd3 Kf6 36.Kg1 Rd6
37.Ne5 Rd5 38.Nf3 g5 39.h3 h5 40.h4 gxh4 41.Kf2 b4 42.Rh1 Ra5 43.Rxh4 Rxa2+
44.Ke3 Ra3+ 45.Ke2 b3 46.Rxh5 b2 47.Nd2 Ra1 48.Rh6+ Ke5 49.Nc4+ Kd5  0-1

[Event "BUL-chT"]
[Site "Sofia"]
[Date "1991.??.??"]
[Round "2"]
[White "Spasov, Vasil"]
[Black "Tringov, Georgi P"]
[Result "1/2-1/2"]
[WhiteElo "2550"]
[BlackElo "2420"]

1.e4 c5 2.Nf3 e6 3.d4 cxd4 4.Nxd4 a6 5.Bd3 Bc5 6.Nb3 Ba7 7.Qe2 Nc6 8.Be3 d6
9.f4 Nf6 10.N1d2 O-O 11.Bxa7 Rxa7 12.O-O-O Nb4 13.Kb1 Nxd3 14.cxd3 b5 15.g4 Qb6
16.g5 Nd7 17.f5 a5 18.f6 a4 19.Nc1 a3 20.fxg7 Kxg7 21.b3 Rc7 22.Nf3  1/2-1/2

[Event "St Ingbert op"]
[Site "St Ingbert"]
[Date "1991.??.??"]
[Round "3"]
[White "Moser, Klaus"]
[Black "Ristic, Nebojsa"]
[Result "0-1"]
[WhiteElo "2295"]
[BlackElo "2410"]

1.e4 c5 2.Nf3 e6 3.d4 cxd4 4.Nxd4 a6 5.Bd3 Nc6 6.Nxc6 bxc6 7.O-O e5 8.f4 d6
9.Nd2 exf4 10.Rxf4 Nf6 11.Nc4 d5 12.exd5 cxd5 13.Ne3 Bd6 14.Rf1 O-O 15.Kh1 g6
16.Qf3 Be5 17.Bd2 Rb8 18.Rab1 h5 19.Be1 Ng4 20.Bg3 Rxb2 21.Rxb2 Bxb2 22.Nxd5 Be6
23.c4 h4 24.Bf4 Ne5 25.Bxe5 Bxe5 26.h3 Kg7 27.Re1 Bb8 28.Rxe6 fxe6 29.Qg4 Rf6
30.Nxf6 Qxd3  0-1

[Event "Rilton Cup"]
[Site "Stockholm"]
[Date "1991.??.??"]
[Round "7"]
[White "Lindberg, Bengt"]
[Black "Engstrom, Kaj"]
[Result "0-1"]
[WhiteElo "2365"]
[BlackElo "2260"]

1.e4 c5 2.Nf3 e6 3.d4 cxd4 4.Nxd4 a6 5.Bd3 Bc5 6.Nb3 Ba7 7.Qe2 Nc6 8.Nc3 b5
9.Be3 d6 10.f4 b4 11.Nd1 Nf6 12.O-O O-O 13.Kh1 a5 14.Bxa7 Rxa7 15.e5 Nd5
16.Qe4 g6 17.Nd2 f5 18.exf6 Qxf6 19.Ne3 Nce7 20.Ndc4 Nxe3 21.Qxe3 Rd7 22.Nb6 Rc7
23.Rae1 Nf5 24.Bxf5 Qxf5 25.Rf2 Rxc2 26.Rxc2 Qxc2 27.Rc1 Qxb2 28.Nxc8 Qxa2
29.h3 a4 30.Ne7+ Kg7 31.Qd4+ Kh6 32.f5 exf5 33.Qh4+ Kg7 34.Qd4+ Kh6 35.Qxb4 f4
36.Qe1 Qb3 37.Qh4+ Kg7 38.Rc7 Rf7 39.Kh2 Qb1 40.Qg5 Qd3 41.Ra7 Qg3+ 42.Qxg3 fxg3+
43.Kxg3 a3 44.Nf5+ gxf5 45.Rxa3 Kf6 46.Kf4 Re7 47.g4 Re4+ 48.Kf3 Rd4 49.Rb3 h5
50.gxf5 Kxf5 51.Kg3 d5 52.Rb8 h4+ 53.Kg2 Rd2+ 54.Kf3 Rd3+ 55.Kg2 Rg3+ 56.Kh2 Rc3
57.Rh8 Rc4 58.Rh5+ Ke6 59.Rh6+ Ke5 60.Rh5+ Kd6 61.Rf5 Ke6 62.Rf8 Ke5 63.Kg2 Rf4
64.Rd8 Ke4 65.Ra8 d4 66.Re8+ Kd3 67.Ra8 Ke3 68.Re8+ Kd2  0-1

[Event "Sydney Cepacol"]
[Site "Sydney"]
[Date "1991.??.??"]
[Round "7"]
[White "Kengis, Edvins"]
[Black "Gedevanishvili, Dmitry"]
[Result "1-0"]
[WhiteElo "2545"]
[BlackElo "2400"]

1.e4 c5 2.Nf3 e6 3.d4 cxd4 4.Nxd4 a6 5.Bd3 Nf6 6.O-O d6 7.Be3 g6 8.Nd2 Bg7
9.Kh1 O-O 10.f4 Re8 11.N4f3 Nbd7 12.Qe1 Qc7 13.Qh4 b5 14.e5 Nd5 15.Bd4 Bb7
16.Ne4 dxe5 17.fxe5 h6 18.Nf6+ Bxf6 19.exf6 Qf4 20.Bxg6 Qxh4 21.Nxh4 e5 22.Bg1 N7xf6
23.Bf5 Rad8 24.Rae1 h5 25.Rf3 Kh8 26.Rg3 Nf4 27.Nf3 Rg8 28.Bb6 Rde8 29.Bc7 h4
30.Rxg8+ Kxg8 31.Rxe5 Ne6 32.Bxe6 fxe6 33.Rg5+ Kh7 34.Be5 Rf8 35.Nxh4 Ng4
36.Rh5+ Nh6 37.Kg1 Be4 38.c3 Bd3 39.Nf3 Kg6 40.Rg5+ Kf7 41.Bg7  1-0

[Event "FIN-ch"]
[Site "Tampere"]
[Date "1991.??.??"]
[Round "11"]
[White "Ebeling, Mika"]
[Black "Haapasalo, Jukka Pekka"]
[Result "0-1"]
[WhiteElo "2275"]
[BlackElo "2240"]

1.e4 c5 2.Nf3 e6 3.d4 cxd4 4.Nxd4 a6 5.Bd3 Bc5 6.Nb3 Ba7 7.Nc3 Nc6 8.Qe2 d6
9.Be3 Nf6 10.g4 Bxe3 11.Qxe3 Nxg4 12.Qg3 Nf6 13.Qxg7 Rg8 14.Qh6 Bd7 15.O-O-O Qe7
16.Na4 O-O-O 17.Nb6+ Kc7 18.Nxd7 Rxd7 19.Rhg1 Rdd8 20.Rg3 Kb8 21.Rdg1 Rg6
22.Qh4 Rc8 23.Kb1 Ne5 24.f4 Nf3 25.Rxf3 Rxg1+ 26.Nc1 Nxe4  0-1

[Event "Tel Aviv"]
[Site "Tel Aviv"]
[Date "1991.??.??"]
[Round "2"]
[White "Murrey, Jacob"]
[Black "Soffer, Ram"]
[Result "1/2-1/2"]
[WhiteElo "2440"]
[BlackElo "2445"]

1.e4 c5 2.Nf3 e6 3.d4 cxd4 4.Nxd4 a6 5.Bd3 Nf6 6.O-O Qc7 7.c4 Nc6 8.Nxc6 dxc6
9.f4 e5 10.f5 Bc5+ 11.Kh1 Bd4 12.Nd2 c5 13.Nb3 b6 14.Nxd4 cxd4 15.Bg5 Bb7
16.b4 a5 17.Qe1 h6 18.Bxf6 gxf6 19.a3 Ke7 20.Rf2 Ba6 21.Rb2 Rhc8 22.Rc1 axb4
23.Rxb4 b5 24.c5 Qa5 25.Qd2 Rc7 26.Rc2 Qxa3 27.h3 Bb7 28.Rxb5 Bc6 29.Rbb2 Qa5
30.Qxh6 Bxe4 31.Rb6 Bc6 32.Kh2 Rg8 33.Bb5 Qe1 34.Bxc6 Qg3+ 35.Kg1 Qe1+  1/2-1/2

[Event "Tel Aviv"]
[Site "Tel Aviv"]
[Date "1991.??.??"]
[Round "9"]
[White "Murrey, Jacob"]
[Black "Psakhis, Lev"]
[Result "0-1"]
[WhiteElo "2440"]
[BlackElo "2555"]

1.e4 c5 2.Nf3 e6 3.d4 cxd4 4.Nxd4 a6 5.Bd3 Nf6 6.O-O Qc7 7.c4 Nc6 8.Nxc6 dxc6
9.f4 e5 10.f5 Bc5+ 11.Kh1 h5 12.Nc3 Ng4 13.Qf3 Qd8 14.Nd1 Qh4 15.Qh3 Qxh3
16.gxh3 Nf6 17.Nc3 b5 18.Bg5 Bd4 19.cxb5 axb5 20.Rac1 Bb7 21.a3 O-O-O 22.Nd5 Nxd5
23.Bxd8 Nf4 24.Rxf4 exf4 25.Bg5 f3 26.Rf1 Bxb2 27.Rxf3 c5 28.Kg1 c4 29.Bc2 Re8
30.Kf1 Bxe4 31.Re3 Bc6 32.Rxe8+ Bxe8 33.Be7 Bc6 34.h4 Kd7 35.Bf8 Be5  0-1

[Event "Torcy op"]
[Site "Torcy"]
[Date "1991.??.??"]
[Round "?"]
[White "Sellos, Didier"]
[Black "Kovacevic, Slobodan"]
[Result "1-0"]
[WhiteElo "2430"]
[BlackElo "2370"]

1.e4 c5 2.Nf3 e6 3.d4 cxd4 4.Nxd4 a6 5.Bd3 Nf6 6.O-O d6 7.c4 Nbd7 8.Nc3 g6
9.Be3 Bg7 10.Be2 Qc7 11.Rc1 O-O 12.f3 b6 13.Qd2 Re8 14.Rfd1 Bf8 15.Kh1 Bb7
16.Bf1 Rac8 17.a3 Qb8 18.b4 Ne5 19.Na4 Nfd7 20.Nb2 Qa8 21.h3 Qb8 22.Qf2 Be7
23.Ne2 Bf6 24.Nd4 Bd8 25.Nb3 Bc7 26.Rc2 Ba8 27.Rcd2 Nf6 28.Bg5 Nh5 29.f4 Nc6
30.Be2 Ng7 31.Bf6 Bd8 32.Bc3 Bc7 33.Nd3 Ne7 34.Qe3 b5 35.c5 Nc6 36.Bb2 d5
37.exd5 exd5 38.Qf2 Nf5 39.Bg4 Ne3 40.Bxc8 Nxd1 41.Rxd1 Qxc8 42.Nd4 Re4 43.Nxc6 Bxc6
44.Be5 Bd8 45.Ne1 a5 46.Nc2 f6 47.Bd6 axb4 48.axb4 f5 49.Nd4 Bf6 50.Nxc6 Qxc6
51.Qa2 Rxb4 52.Qa7 Re4 53.Qb6 Qe8 54.c6 Bh4 55.Be5 Rc4 56.Qb7 Be7 57.c7 d4
58.Rxd4 Rc1+ 59.Kh2 Kf8 60.Rd8 Bxd8 61.c8=Q Qxe5 62.Qxd8+  1-0

[Event "Val Thorens op"]
[Site "Val Thorens"]
[Date "1991.??.??"]
[Round "?"]
[White "Viville, G."]
[Black "Avshalumov, Alex"]
[Result "1-0"]
[WhiteElo "2020"]
[BlackElo "2475"]

1.e4 c5 2.Nf3 e6 3.d4 cxd4 4.Nxd4 a6 5.Bd3 Bc5 6.c3 Nc6 7.Nb3 Bb6 8.O-O Nge7
9.Qh5 O-O 10.Bg5 f6 11.Be3 Bxe3 12.fxe3 Ne5 13.Bc2 b6 14.N1d2 Bb7 15.Nd4 Qe8
16.Qh3 Kh8 17.Bb3 Qg6 18.Rf4 h6 19.Raf1 Rac8 20.N2f3 Nxf3+ 21.R1xf3 Qh7 22.Rg3 g5
23.Rf2 Bxe4 24.Bc2 Bxc2 25.Nxc2 h5  1-0

[Event "Vienna op"]
[Site "Vienna"]
[Date "1991.??.??"]
[Round "3"]
[White "Kengis, Edvins"]
[Black "Podzielny, Karl Heinz"]
[Result "1-0"]
[WhiteElo "2575"]
[BlackElo "2455"]

1.e4 c5 2.Nf3 e6 3.d4 cxd4 4.Nxd4 a6 5.Bd3 Nf6 6.O-O Qc7 7.Qe2 d6 8.c4 g6
9.Nc3 Bg7 10.Rd1 Nbd7 11.Be3 O-O 12.Rac1 b6 13.f3 Bb7 14.Qf2 Rac8 15.Be2 Qb8
16.Nb3 Bc6 17.Rc2 Rfe8 18.Rcd2 Bf8 19.Kh1 Ba8 20.Bf4 Ne5 21.c5 bxc5 22.Bxa6 Bb7
23.Bb5 Bc6 24.Bxe5 dxe5 25.Bxc6 Rxc6 26.Na5 Rcc8 27.Nc4 Nh5 28.b3 Rcd8 29.g3 Bh6
30.Rxd8 Rxd8 31.Rxd8+ Qxd8 32.Qc2 f5 33.a4 Nf6 34.Kg2 g5 35.Qd2 Qb8 36.Nb5 fxe4
37.fxe4 Qa8 38.Qe2 Nxe4 39.Qf3 g4 40.Qxg4+ Ng5+ 41.Kf2 Kh8 42.Nbd6 Qh1 43.Qh5 Qc1
44.Qxh6 Qc2+ 45.Ke3 Qxb3+ 46.Ke2  1-0

[Event "Vienna op"]
[Site "Vienna"]
[Date "1991.??.??"]
[Round "5"]
[White "Stummer, Anton"]
[Black "Schlosser, Michael"]
[Result "0-1"]
[WhiteElo "2310"]
[BlackElo "2380"]

1.e4 c5 2.Nf3 e6 3.d4 cxd4 4.Nxd4 a6 5.Bd3 Nf6 6.O-O Qc7 7.Be3 d5 8.Nd2 Nc6
9.c3 Ne5 10.Bf4 Bd6 11.Bxe5 Bxe5 12.N4f3 Bd6 13.Re1 dxe4 14.Nxe4 Nxe4 15.Bxe4 O-O
16.Qd4 Rd8 17.Bxh7+ Kxh7 18.Qh4+ Kg8 19.Ng5 g6 20.Qh7+ Kf8 21.Rad1 b5 22.Kh1 Ra7
23.Qh8+ Ke7 24.Qh4 Ke8 25.Qh8+ Kd7 26.Qd4 Kc6 27.c4 Kb7 28.cxb5 axb5 29.Rc1 Qb6
30.Qe4+ Kb8 31.Rc6 Qxf2 32.Rec1 Bb7 33.a4 Rxa4 34.b4 Rxb4 35.Rxd6 Rxd6  0-1

[Event "Vienna op"]
[Site "Vienna"]
[Date "1991.??.??"]
[Round "7"]
[White "Dutreeuw, Marc"]
[Black "Psakhis, Lev"]
[Result "0-1"]
[WhiteElo "2410"]
[BlackElo "2575"]

1.e4 c5 2.Nf3 e6 3.d4 cxd4 4.Nxd4 a6 5.Bd3 Nf6 6.O-O Qc7 7.Qe2 d6 8.b3 g6
9.Bb2 Bg7 10.Nd2 O-O 11.Kh1 b6 12.f4 Bb7 13.Rae1 Nbd7 14.e5 Nh5 15.Nc4 dxe5
16.fxe5 Bd5 17.Ne3 Bxe5 18.Nxd5 exd5 19.Nb5 axb5 20.Bxe5 Nxe5 21.Qxe5 Qc5
22.b4 Qxb4 23.Rb1 Qh4 24.Bxb5 Rxa2 25.Bc6 Ra5 26.Bxd5 Rxd5 27.Qxd5 Ng3+ 28.Kg1 Nxf1
29.Rxf1 Qb4 30.h3 Qe7 31.Qd4 Qc7 32.Rb1 Rd8 33.Qe3 h5 34.c3 Rd6 35.Qe8+ Kh7
36.Rf1 Rd7 37.Qe3 b5 38.Rb1 Re7 39.Qd3 Qc5+ 40.Kh2 Re5 41.Rf1 Kg7 42.Qd7 Re7
43.Qd3 Qe5+ 44.Kh1 Qc5 45.Kh2 Qe5+ 46.Kh1 h4 47.Rf3 Qc5 48.Rf1 Ra7 49.Rb1 Re7
50.Rf1 Re5 51.Qd8 Re6 52.Qd3 Qe5 53.Rf3 Rd6 54.Qf1 f5 55.Qa1 b4 56.Qc1 b3
57.Re3 b2  0-1

[Event "Waldshut BM"]
[Site "Waldshut"]
[Date "1991.??.??"]
[Round "2"]
[White "Vatter, Hans Joachim"]
[Black "Kurz, Eugen"]
[Result "1/2-1/2"]
[WhiteElo "2325"]
[BlackElo "2305"]

1.e4 c5 2.Nf3 e6 3.d4 cxd4 4.Nxd4 a6 5.Bd3 Qc7 6.O-O Nc6 7.Be3 Nf6 8.Kh1 Nxd4
9.Bxd4 Bc5 10.Bxf6 gxf6 11.f4 h5 12.Nd2 b6 13.Qe2 Bb7 14.c3 h4 15.h3 Bd6
16.Nc4 b5 17.Nxd6+ Qxd6 18.e5 Qc6 19.exf6 O-O-O 20.Rae1 Rdg8 21.Be4 Qxe4
22.Qxe4 Bxe4 23.Rxe4 Rg6 24.a4 Rxf6 25.axb5 axb5 26.f5 d5 27.Rb4 Rh5 28.Kg1 Rhxf5
29.Rxf5 Rxf5 30.Rxh4 Kd7 31.Rd4 Kd6 32.g4 Rf6 33.Kg2 e5 34.Rd1 Rg6 35.Kf3 f5
36.gxf5 Rg5 37.h4 Rxf5+ 38.Kg4 Rf2 39.Rb1 e4 40.Kg3 Rf3+ 41.Kg4 b4 42.h5 bxc3
43.bxc3 Rxc3 44.h6 Ke5 45.h7 Rc8 46.Rh1 Rh8 47.Rh5+ Kd4 48.Kf4 Rf8+ 49.Kg5 Rh8  1/2-1/2